[Event "Rohde op 07th"]
[Site "Sautron"]
[Date "2007.10.29"]
[Round "4"]
[White "Fermen, Guy"]
[Black "Beaufreton, Thierry"]
[Result "0-1"]
[WhiteElo "1745"]
[BlackElo "1520"]
[PlyCount "54"]
[EventDate "2007.10.27"]
[EventType "swiss"]
[EventRounds "9"]
[EventCountry "FRA"]
[SourceTitle "EXT 2008"]
[Source "ChessBase"]
[SourceDate "2007.11.25"]
[SourceVersion "1"]
[SourceVersionDate "2007.11.25"]
[SourceQuality "1"]

1. d4 d5 2. Nf3 Nf6 3. c4 e6 4. Nc3 Nbd7 5. e3 Bb4 6. Qc2 c5 7. cxd5 Nxd5 8. e4 cxd4 9. Nxd4 Nxc3 10. bxc3 Bd6 11. Nf3 0-0 12. Bd3 Ne5 13. Nxe5 Bxe5 14. Ba3 Re8 15. Bb5 Qa5 16. 0-0 Qxb5 17. Rab1 Qc4 18. Bb4 Bd7 19. Rfd1 Rad8 20. Rd3 Qxe4 21. Rbd1 Bc6 22. f3 Qh4 23. g3 Qf6 24. Qd2 Rxd3 25. Qxd3 Qxf3 26. Qxf3 Bxf3 27. Rd2 Bd5 0-1